NBA Six Man of the Year Awards - Statistics

General Stats
  • This quiz has been taken 35 times
  • The average score is 11 of 44
Answer Stats
Hint Answer % Correct
2025 Payton Pritchard
68%
2019 Lou Williams
57%
2018 Lou Williams
57%
2015 Lou Williams
57%
2008 Manu Ginóbili
54%
2016 Jamal Crawford
50%
2014 Jamal Crawford
50%
2010 Jamal Crawford
50%
2024 Naz Reid
43%
2012 James Harden
39%
2023 Malcolm Brogdon
32%
1986 Bill Walton
29%
1989 Eddie Johnson
29%
2013 J.R. Smith
29%
1996 Toni Kukoč
29%
2005 Ben Gordon
25%
2017 Eric Gordon
25%
1983 Bobby Jones
21%
1982 Bobby Jones
21%
1992 Detlef Schrempf
21%
1991 Detlef Schrempf
21%
1985 Kevin Mchale
21%
1984 Kevin Mchale
21%
2006 Mike Miller
21%
2020 Montrezl Harrell
21%
1990 Ricky Pierce
21%
1987 Ricky Pierce
21%
2022 Tyler Herro
21%
2021 Jordan Clarkson
18%
2001 Aaron McKie
14%
1993 Cliff Robinson
14%
2009 Jason Terry
14%
1997 John Starks
14%
2011 Lamar Odom
14%
2003 Bobby Jackson
11%
1995 Anthony Mason
7%
1994 Dell Curry
7%
2007 Leandro Barbosa
7%
1988 RoyTarpley
7%
2004 Antawn Jamison
4%
1998 Danny Manning
4%
2000 Rodney Rogers
4%
2002 Corliss Williamson
0%
1999 Darrell Armstrong
0%
No matching quizzes found
Score Distribution
Percent of People with Each Score
Percentile by Number Answered
Your Score History
You have not taken this quiz